000 00329pab a2200145 454500
008 180718b1989 xxu||||| |||| 00| 0 eng d
100 _aP.I.B.
245 _aWomen's participation in Panchayati Raj
260 _c1989
300 _a10-11
362 _a28 May
650 _aWomen
773 _aDemocratic World
909 _a20770
999 _c20770
_d20770